LEADER 00835nam0-2200313---450- 001 990008838910403321 005 20090410092837.0 020 $b634290 035 $a000883891 035 $aFED01000883891 035 $a(Aleph)000883891FED01 035 $a000883891 100 $a20090410d1963----km-y0itay50------ba 101 0 $aita 102 $aIT 105 $a--------001gy 200 1 $a<>peddi nova$fIgnazio Buttitta 210 $aMilano$cFeltrinelli$d©1963 215 $a200 p.$d21 cm. 225 1 $aBiblioteca di letteratura$eI contemporanei$v48 676 $a851.91$v16$zita 700 1$aButtitta,$bIgnazio E.$0144759 801 0$aIT$bUNINA$gRICA$2UNIMARC 901 $aBK 912 $a990008838910403321 952 $aBIB. BAT. 7069$b14833$fBAT 959 $aBAT 996 $aPeddi nova$9805017 997 $aUNINA LEADER 01051nam0-2200325---450- 001 990008451930403321 005 20070117141419.0 035 $a000845193 035 $aFED01000845193 035 $a(Aleph)000845193FED01 035 $a000845193 100 $a20050922d1953----km-y0itay50------ba 101 2 $afre$alat 102 $aFR 105 $ay---n----00yy 200 1 $aHomélies sur le Cantique des cantiques$fOrigène$gintroduction, traduction et notes de dom Olivier Rousseau 210 $aParis$cLes éditions du cerf$d1953 215 $a112 p. (58-103 doppie)$d20 cm 225 1 $aSources chrétiennes$v37 500 10$aIn Canticum Canticorum homiliae$m$942260 676 $a251 700 0$aOrigenes$f<184-253>$0164524 702 1$aRousseau,$bOlivier$f<1898-1984> 801 0$aIT$bUNINA$gRICA$2UNIMARC 901 $aBK 912 $a990008451930403321 952 $aP2B-590-S.C.-ORIGEN.-419A-1953$bBibl.27730$fFLFBC 959 $aFLFBC 996 $aIn Canticum Canticorum homiliae$942260 997 $aUNINA LEADER 01635nam0-2200409---450 001 990009646390403321 005 20250331172052.0 035 $a000964639 035 $aFED01000964639 035 $a(Aleph)000964639FED01 035 $a000964639 100 $a20121116d2002----km-y0itay50------ba 101 0 $amul 102 $aIT 105 $aa-------101yy 200 1 $a<>luoghi costieri del Mediterraneo$eatti$einterventi e conclusione del 2° Convegno internazionale sulle coste del Mediterraneo$fa cura di Massimo Rosi e Ferdinando Jannuzzi 210 $aNapoli$cGiannini Editore$d2002 215 $a191 p.$cill.$d30 cm 300 $aConvegno tenuto a Napoli e Ercolano nel 2001 300 $aIn testa al frontespizio: Osservatorio internazionale delle coste del Mediterraneo; Università degli studi di Napoli Federico II, DIPIST; Istituto di pianificazione e gestione del territorio, Servizio di ricerca e sperimentazione sull'ambiente, C.N.R. 610 0 $aPaesi mediterranei$aZone costiere$aProtezione 676 $a914 702 1$aRosi,$bMassimo 702 1$aJannuzzi,$bFerdinando 710 12$aConvegno internazionale sulle coste del Mediterraneo$d<2. ;$f2001 ;$eNapoli - Ercolano>$0503601 801 0$aIT$bUNINA$gRICA$2UNIMARC 901 $aBK 912 $a990009646390403321 952 $aSEZ.NA C 1156$b19872$fFARBC 952 $aFONDO ROSSI 349$bROSSI 376$fFARBC 952 $a910.9 ROSM 02$bDIP. FIL. 7134$fFLFBC 952 $a2718 sez. Andriello$b2718$fDARPU 959 $aFARBC 959 $aFLFBC 959 $aDARPU 996 $aLuoghi costieri del mediterraneo$9716675 997 $aUNINA